[Event "FRA-ch Youth 2017"]
[Site "Belfort"]
[Date "2017.04.19"]
[Round "5"]
[White "Trouve, Guillaume"]
[Black "Viel, Simon"]
[Result "0-1"]
[WhiteElo "2134"]
[BlackElo "2220"]
[Annotator "NA"]
[PlyCount "88"]
[EventDate "2017.??.??"]
[EventCountry "FRA"]
[SourceTitle "playchess.com"]
[Source "ChessBase"]
[SourceQuality "1"]

{[%evp 22,88,67,63,69,58,99,52,64,27,107,35,54,0,-2,-21,0,0,-3,-31,-31,-171,-179,-169,-170,-214,-219,-221,-209,-222,-190,-191,-200,-200,-193,-191,-198,-199,-199,-199,-163,-218,-207,-404,-406,-402,-415,-403,-406,-495,-487,-460,-451,-453,-446,-554,-441,-443,-456,-1480,-1587,-1483,-1188,-1081,-903,-1043,-938,-29974,-6533]} 1. e4 c5 2. Nf3 Nc6 3. d4 cxd4 4. Nxd4 g6 5. c4 Bg7 6. Be3 Nf6 7. Nc3 d6 8. Be2 O-O 9. O-O Bd7 10. h3 a6 11. Nf3 Rc8 12. Rc1 Qa5 {B38: Sicilian: Maroczy Bind with 5...Bg7 and 7...0-0} (12... Re8 13. Re1 Be6 14. Ng5 Qa5 15. Nxe6 fxe6 16. a3 Kh8 17. Qb3 Nd7 18. Qxb7 Nc5 19. b4 Nxb7 20. bxa5 {½-½ (29) Zvjaginsev,V (2635)-Naiditsch,A (2685) Ohrid 2009}) 13. a3 Be6 14. Ng5 $146 (14. Nd5 Nd7 15. Qb3 Nc5 16. Qc2 {0-1 (38) Van Riemsdijk,H (2400)-Bogda,A (2240) Asuncion 1983}) 14... Bd7 {White is slightly better.} 15. f4 Qd8 (15... e5 $11 {keeps the balance.}) 16. Qe1 (16. b4 $16) 16... e5 $14 17. fxe5 ({White should play} 17. Rd1 $14) 17... Nxe5 $11 18. c5 dxc5 19. Rd1 $1 Qe7 20. Qh4 $1 h6 {Hoping for ...Nh7.} 21. Nh7 (21. Nf3 $15) 21... Kxh7 $19 22. Bg5 {Black should prevent Nd5.} Be6 {Threatens to win with ...Bb3.} ({And not} 22... Rc6 23. Nd5 Qd8 24. Nxf6+ Rxf6 25. Bxf6 Bxf6 26. Qxf6 (26. Rxf6 Qe7 $14) 26... Qxf6 27. Rxf6 $16) 23. Rxf6 c4 {Strongly threatening ...Kg8.} 24. Rdf1 Qc5+ 25. R6f2 {[#]} Nf3+ $1 {[%mdl 512]} ({Not} 25... Nd3 26. Be7 Qe5 27. Bxf8 Bxf8 28. Bxd3 cxd3 29. Qf4 (29. Rxf7+ Bxf7 30. Rxf7+ Kg8 $17) 29... Qxf4 30. Rxf4 $17) 26. Bxf3 {Black must now prevent Nd5.} Qxg5 27. Qxg5 hxg5 28. Rd2 Rfd8 29. Rfd1 Rxd2 30. Rxd2 Rc5 31. Nd1 (31. Bg4 $142) 31... b5 32. Nc3 $2 (32. Bg4 {was called for.}) 32... a5 {[%cal Ba6a5,Ba5b4,Bb4c3,Bc3c2][%mdl 32]} 33. Nd5 {[#]} b4 $1 {[%mdl 512]} 34. axb4 axb4 35. Kf1 c3 36. bxc3 bxc3 (36... Bxc3 $2 37. Rd1 $19) 37. Rc2 f5 {[%cal Bf7f5,Bf5e4][%mdl 32]} 38. Ne3 Bd4 39. Ke2 fxe4 40. Bg4 (40. Bxe4 $142 Re5 41. Kf3) 40... Bb3 41. Rc1 c2 42. Kd2 Bc3+ 43. Ke2 Bb2 44. Kd2 Bxc1+ 0-1

[Event "FRA-ch Youth 2017"]
[Site "Belfort"]
[Date "2017.04.19"]
[Round "5"]
[White "Daeschler, Florian"]
[Black "Micottis, Dorian"]
[Result "0-1"]
[WhiteElo "2124"]
[BlackElo "2249"]
[Annotator "NA"]
[PlyCount "76"]
[EventDate "2017.??.??"]
[EventCountry "FRA"]
[SourceTitle "playchess.com"]
[Source "ChessBase"]
[SourceQuality "1"]
[TimeControl "5400+30"]

{[%evp 10,74,9,14,32767,6,12,25,32767,-8,6,-18,15,0,22,39,46,32767,32767,32767,32767,-10,32767,15,32767,-8,14,-42,-31,32767,32767,-85,-38,-128,32767,32767,32767,32767,-214,-217,32767,32767,-153,32767,32767,32767,-215,32767,32767,32767,32767,32767,32767,32767,-306,-376,-393,32767,32767,-435,32767,32767,32767,-1680,32767,32767,-29975]} 1. c4 {[%emt 0:00:00]} g6 {[%emt 0:00:36]} 2. Nc3 {[%emt 0:00:01]} c5 {[%emt 0:00:14]} 3. g3 {[%emt 0:00:17]} Bg7 {[%emt 0:00:04]} 4. Bg2 {[%emt 0:00:18]} Nc6 {[%emt 0:00:04]} 5. Nf3 {[%emt 0:00:06]} d6 {[%emt 0:00:04]} 6. O-O {[%emt 0:00:10]} Bf5 {[%emt 0:00:44]} 7. d3 {[%emt 0:04:23] LiveBook: 97 Games A37: Symmetrical English vs ...g6: 4 Bg2 Bg7 5 Nf3} (7. b3 Qd7 8. Bb2 Bh3 9. e3 Bxg2 10. Kxg2 Nf6 11. Nd5 O-O 12. Bxf6 exf6 13. d4 Rad8 14. Qc2 Ne7 15. Nxe7+ Qxe7 {1-0 (48) Banusz,T (2616)-Ragger,M (2682) Graz 2016}) 7... Qd7 {[%emt 0:00:10]} 8. Rb1 {[%emt 0:04:18]} Bh3 {[%emt 0:00:29]} 9. a3 {[%emt 0:04:11]} h5 {[%emt 0:01:58]} 10. Nd5 {[%emt 0:13:29]} Rc8 {[%emt 0:04:02]} 11. b4 $146 {[%emt 0:09:11]} (11. Nh4 Nf6 12. b4 Nxd5 13. cxd5 Bxg2 14. Nxg2 Ne5 {1-0 (34) Tamas,G (2163)-Velickovic,Z (2383) Hungary 2004}) 11... b6 {[%emt 0:05:15]} 12. Bb2 {[%emt 0:09:20]} Bxb2 {[%emt 0:10:05]} 13. Rxb2 {[%emt 0:02:14]} Bxg2 {[%emt 0:00:04]} 14. Kxg2 {[%emt 0:00:11]} h4 {[%emt 0:00:04]} 15. b5 {[%emt 0:10:45]} ({Of course not} 15. Nxh4 g5 16. b5 Ne5 $17) (15. gxh4 Nd4 16. Nxd4 Qg4+ 17. Kh1 Qxd4 $17) 15... Ne5 {[%emt 0:12:15]} 16. e4 {[%emt 0:15:22]} e6 {[%emt 0:12:59]} 17. Ne3 {[%emt 0:01:55]} f5 {[%emt 0:07:46]} 18. Nxe5 {[%emt 0:03:14]} dxe5 {[%emt 0:00:05]} 19. exf5 {[%emt 0:00:34]} Qb7+ {[%emt 0:06:12]} 20. f3 {[%emt 0:00:17]} gxf5 {[%emt 0:00:21]} 21. Qe2 {[%emt 0:03:54]} (21. g4 $11) 21... Nf6 {[%emt 0:03:37]} 22. Nxf5 {[%emt 0:02:19]} exf5 {[%emt 0:00:23]} 23. Qxe5+ {[%emt 0:00:03] [#]} Kf7 $1 {[%emt 0:00:35]} 24. Qxf5 {[%emt 0:00:16]} hxg3 {[%emt 0:08:03]} 25. hxg3 {[%emt 0:02:00]} Rce8 {[%emt 0:00:45]} 26. Qf4 {[%emt 0:03:15]} Qd7 {[%emt 0:01:54]} 27. g4 {[%emt 0:00:14]} Qd4 {[%emt 0:00:36]} 28. Qxd4 {[%emt 0:00:36]} cxd4 {[%emt 0:00:06]} 29. a4 {[%emt 0:05:40]} Re3 {[%emt 0:02:19]} 30. Rd2 {[%emt 0:01:11]} Nd7 {[%emt 0:01:56]} 31. a5 {[%emt 0:00:56]} Nc5 {[%emt 0:01:13]} 32. axb6 {[%emt 0:00:25]} axb6 {[%emt 0:00:02]} 33. Kg3 {[%emt 0:00:24]} Kg6 {[%emt 0:00:59]} 34. Rff2 {[%emt 0:01:18]} Rf8 {[%emt 0:02:43]} 35. Kg2 {[%emt 0:02:42]} Kg5 {[%emt 0:00:14]} 36. Rde2 {[%emt 0:00:20]} Nxd3 {[%emt 0:00:47]} 37. Rxe3 {[%emt 0:00:43]} dxe3 {[%emt 0:00:06]} 38. Ra2 {[%emt 0:00:07]} e2 {[%emt 0:00:29]} 0-1

[Event "FRA-ch Youth 2017"]
[Site "Belfort"]
[Date "2017.04.19"]
[Round "5"]
[White "Mazzella, Enzo"]
[Black "Travadon, Loic"]
[Result "0-1"]
[WhiteElo "2111"]
[BlackElo "2348"]
[Annotator "ChessBase"]
[PlyCount "90"]
[EventDate "2017.??.??"]
[EventCountry "FRA"]
[SourceTitle "playchess.com"]
[Source "ChessBase"]
[SourceQuality "1"]
[TimeControl "5400+30"]

{[%evp 8,80,-24,-29,-2,-8,0,13,14,-2,14,32767,31,1,25,22,41,52,68,83,92,69,117,78,127,32767,103,87,130,83,81,97,32767,101,116,32767,32767,32767,69,32767,32767,32767,32767,32767,32767,32767,32767,32767,32767,32767,32767,32767,32767,32767,32767,32767,32767,32767,32767,32767,32767,87,94,32767,32767,0,32767,0,0,-32,32767,32767,32767,32767,0]} 1. Nf3 {[%emt 0:00:00]} c5 {[%emt 0:00:07]} 2. b3 {[%emt 0:00:00]} d5 {[%emt 0:03:07]} 3. Bb2 {[%emt 0:00:53]} Nf6 {[%emt 0:00:23]} 4. g3 {[%emt 0:01:59]} Nc6 {[%emt 0:09:14]} 5. Bg2 {[%emt 0:01:04]} e6 {[%emt 0:01:33]} 6. d4 {[%emt 0:01:01]} Bd6 {[%emt 0:01:58]} 7. O-O {[%emt 0:02:21]} O-O {[%emt 0:00:18] LiveBook: 5 Games} 8. c4 {[%emt 0:02:41] D02: 1 d4 d5 2 Nf3 sidelines, including 2...Nf6 3 g3 and 2...Nf6 3 Bf4} (8. Nbd2 cxd4 9. Nxd4 e5 10. Nxc6 bxc6 11. c4 Rb8 12. Qc2 Qe7 13. Rac1 Bb4 14. e3 Bg4 15. Nf3 Bd6 {½-½ (45) Chirila,I (2522)-Krush,I (2444) Saint Louis 2017}) 8... dxc4 {[%emt 0:23:51]} 9. dxc5 {[%emt 0:12:39]} Bxc5 {[%emt 0:00:53]} 10. Qc2 {[%emt 0:00:15]} Be7 {[%emt 0:13:41]} 11. Qxc4 {[%emt 0:02:27]} Nd5 {[%emt 0:02:03]} 12. Rd1 $146 {[%emt 0:11:01]} (12. Ne5 Nxe5 13. Bxe5 Bd7 14. Bxd5 exd5 15. Qd4 f6 16. Qxd5+ {½-½ (61) Darban,M (2327)-Khoshkalam,S (2252) Teheran 2015}) 12... Qb6 {[%emt 0:04:09]} 13. e4 {[%emt 0:03:24]} Nf6 {[%emt 0:00:40]} 14. Nbd2 {[%emt 0:02:25]} Bd7 {[%emt 0:01:05]} 15. Qe2 {[%emt 0:03:04]} a5 {[%emt 0:00:54]} ({Black should play} 15... Na5 $14) 16. Nc4 {[%emt 0:01:04]} Qc7 {[%emt 0:00:23]} 17. Rac1 {[%emt 0:01:01]} Rfd8 {[%emt 0:05:33]} 18. Nfe5 {[%emt 0:11:50]} Be8 {[%emt 0:03:30]} 19. Nxc6 {[%emt 0:10:18]} Rxd1+ {[%emt 0:03:30]} 20. Rxd1 {[%emt 0:01:11]} bxc6 {[%emt 0:01:46]} 21. Be5 {[%emt 0:01:40]} Qa7 {[%emt 0:01:28]} 22. Bxf6 {[%emt 0:08:22]} Bxf6 {[%emt 0:01:07]} 23. Nd6 {[%emt 0:00:40]} Qc5 {[%emt 0:06:24]} 24. Qc4 {[%emt 0:05:34]} Qb6 {[%emt 0:01:59]} 25. Rc1 {[%emt 0:05:11]} Bd7 {[%emt 0:04:39]} 26. Qc5 {[%emt 0:02:31]} Qxc5 {[%emt 0:04:46]} 27. Rxc5 {[%emt 0:00:03]} Bd4 {[%emt 0:00:10]} 28. Rc2 {[%emt 0:01:02]} e5 {[%emt 0:00:50]} 29. Kf1 {[%emt 0:00:41]} c5 {[%emt 0:00:12]} 30. Nb7 {[%emt 0:01:32]} a4 {[%emt 0:01:34]} 31. Nxc5 {[%emt 0:04:10]} Rc8 {[%emt 0:00:27]} 32. b4 {[%emt 0:00:08]} Bb5+ {[%emt 0:02:28]} 33. Kg1 {[%emt 0:00:24]} f6 {[%emt 0:00:45]} 34. Bh3 {[%emt 0:01:16]} Rc7 $16 {[%emt 0:00:38]} 35. Be6+ {[%emt 0:00:43]} Kf8 {[%emt 0:00:30]} 36. Bf5 {[%emt 0:00:39]} (36. Bc4 $14 Bxc4 37. Rxc4) 36... Kf7 {[%emt 0:00:48]} 37. Bg4 {[%emt 0:01:03]} Ke7 {[%emt 0:00:20]} 38. Bf5 {[%emt 0:00:47]} g6 {[%emt 0:00:17]} 39. Bh3 {[%emt 0:00:03]} Kd6 {[%emt 0:00:30]} 40. Rd2 {[%emt 0:00:15]} Ke7 {[%emt 0:01:07]} 41. Rc2 {[%emt 0:00:57]} Kd6 {[%emt 0:00:23]} 42. Rd2 {[%emt 0:01:41]} Ke7 {[%emt 0:00:05]} 43. Rc2 Kd6 {[%emt 0:00:13]} 44. Rd2 {[%emt 0:01:18]} Ke7 {[%emt 0:00:05]} 45. Ne6 Rc6 0-1

[Event "FRA-ch Youth 2017"]
[Site "Belfort"]
[Date "2017.04.19"]
[Round "5"]
[White "Kern, Nicolas"]
[Black "Caloone, Thomas"]
[Result "1/2-1/2"]
[WhiteElo "2085"]
[BlackElo "2149"]
[Annotator "NA"]
[PlyCount "130"]
[EventDate "2017.??.??"]
[EventCountry "FRA"]
[SourceTitle "playchess.com"]
[Source "ChessBase"]
[SourceQuality "1"]
[TimeControl "5400+30"]

1. e4 {[%emt 0:00:00]} e5 {[%emt 0:00:04]} 2. Nf3 {[%emt 0:00:00]} Nc6 {[%emt 0:00:05]} 3. Nc3 {[%emt 0:00:00]} Nf6 {[%emt 0:00:39]} 4. Bb5 {[%emt 0:00:00]} Bd6 {[%emt 0:02:18]} 5. d3 {[%emt 0:00:16]} O-O {[%emt 0:15:06] C48: Four Knights: 4 Bb5, replies other than 4...Bb4} (5... h6 6. a3 a6 7. Bc4 Bc5 8. b4 Ba7 9. h3 d6 10. Ne2 Be6 11. Bxe6 fxe6 12. Ng3 O-O 13. c3 Qe8 14. O-O Nh5 15. Nxh5 Qxh5 {½-½ (24) Svidler,P (2741)-Yu,Y (2750) Shenzhen 2017}) 6. O-O {[%emt 0:02:59]} Re8 {[%emt 0:07:13]} 7. Bg5 {[%emt 0:07:30] LiveBook: 4 Games} a6 {[%emt 0:06:33]} 8. Bc4 {[%emt 0:03:55]} h6 {[%emt 0:14:32]} 9. Bxf6 $146 {[%emt 0:08:21]} (9. Bh4 Be7 10. Bxf6 Bxf6 11. Nd5 d6 12. b4 Bg4 {0-1 (32) Blazquez Lafuente,D-Glavina,P (2460) Alfaro 2010}) 9... Qxf6 {[%emt 0:00:11]} 10. Nd5 {[%emt 0:00:07]} Qd8 $1 {[%emt 0:01:58]} 11. a4 {[%emt 0:04:43]} Bc5 {[%emt 0:04:53]} 12. c3 {[%emt 0:04:30]} d6 {[%emt 0:03:06]} 13. h3 {[%emt 0:09:11]} Ba7 {[%emt 0:01:14]} 14. Re1 {[%emt 0:03:40]} Ne7 {[%emt 0:17:36]} 15. Ne3 {[%emt 0:14:28]} Ng6 {[%emt 0:02:25]} 16. Qb3 {[%emt 0:02:25]} Rf8 {[%emt 0:04:24]} 17. d4 {[%emt 0:06:50]} c6 {[%emt 0:00:43]} 18. dxe5 {[%emt 0:13:01]} dxe5 {[%emt 0:00:18]} 19. a5 {[%emt 0:00:26]} Qf6 {[%emt 0:01:28]} 20. Nf5 {[%emt 0:02:54]} Nf4 {[%emt 0:02:29]} 21. Qc2 {[%emt 0:01:55]} Be6 {[%emt 0:01:29]} 22. Bf1 {[%emt 0:01:28]} g6 {[%emt 0:06:00]} 23. Nxh6+ {[%emt 0:02:54]} Kg7 {[%emt 0:00:05]} 24. Ng4 {[%emt 0:00:40]} Nxh3+ {[%emt 0:01:15]} 25. gxh3 {[%emt 0:00:32]} Bxg4 {[%emt 0:01:42]} 26. hxg4 {[%emt 0:00:31]} Qxf3 {[%emt 0:00:06]} 27. Qe2 {[%emt 0:00:20]} Qf4 {[%emt 0:02:01]} 28. Bg2 {[%emt 0:00:39]} Rh8 {[%emt 0:00:29]} 29. Qf3 {[%emt 0:00:29]} Qxf3 {[%emt 0:01:12]} 30. Bxf3 {[%emt 0:00:05]} Rh3 {[%emt 0:00:05]} 31. Kg2 {[%emt 0:02:15]} Rah8 {[%emt 0:00:22]} 32. Rh1 {[%emt 0:00:06]} Rxh1 {[%emt 0:00:04]} 33. Rxh1 {[%emt 0:00:06]} Rxh1 {[%emt 0:00:02]} 34. Kxh1 {[%emt 0:00:06]} Bxf2 {[%emt 0:00:03]} 35. g5 {[%emt 0:05:24]} Be3 {[%emt 0:02:14]} 36. Bg4 {[%emt 0:00:08]} b6 {[%emt 0:00:07]} 37. axb6 {[%emt 0:01:16]} Bxb6 {[%emt 0:00:06]} 38. Bd7 {[%emt 0:01:50]} c5 {[%emt 0:00:15]} 39. Kg2 {[%emt 0:00:42]} Bd8 {[%emt 0:00:18]} 40. b4 {[%emt 0:00:19]} a5 {[%emt 0:03:35]} 41. bxa5 {[%emt 0:02:40]} Bxa5 {[%emt 0:00:01]} 42. c4 {[%emt 0:00:13]} Bd2 {[%emt 0:00:04]} 43. Kf3 {[%emt 0:00:18]} Bxg5 {[%emt 0:00:06]} 44. Kg4 {[%emt 0:00:15]} Bd2 {[%emt 0:02:32]} 45. Bc8 {[%emt 0:00:20]} Kf6 {[%emt 0:00:16]} 46. Bd7 {[%emt 0:00:11]} Ke7 {[%emt 0:00:06]} 47. Bc8 {[%emt 0:00:11]} Kd8 {[%emt 0:00:42]} 48. Bb7 {[%emt 0:00:08]} Kd7 {[%emt 0:00:56]} 49. Bd5 {[%emt 0:00:21]} Ke7 {[%emt 0:00:05]} 50. Bb7 {[%emt 0:00:16]} Be3 {[%emt 0:01:11]} 51. Bd5 {[%emt 0:00:25]} f6 {[%emt 0:00:32]} 52. Bb7 {[%emt 0:00:23]} Bf4 {[%emt 0:00:09]} 53. Bd5 {[%emt 0:00:18]} Ke8 {[%emt 0:00:59]} 54. Bb7 {[%emt 0:00:15]} Kd7 {[%emt 0:00:31]} 55. Bd5 {[%emt 0:00:10]} Kc7 {[%emt 0:00:31]} 56. Bf7 {[%emt 0:00:09]} g5 {[%emt 0:00:25]} 57. Be6 {[%emt 0:00:25]} Kb6 {[%emt 0:00:30]} 58. Kf5 {[%emt 0:00:35]} Ka5 {[%emt 0:00:26]} 59. Kxf6 {[%emt 0:00:16]} Kb4 {[%emt 0:00:19]} 60. Kf5 {[%emt 0:00:08]} Kc3 {[%emt 0:00:06]} 61. Kg4 {[%emt 0:00:12]} Kd3 {[%emt 0:00:58]} 62. Bd5 $1 {[%emt 0:00:07]} Ke3 {[%emt 0:00:44]} 63. Bc6 {[%emt 0:00:16]} Kd4 {[%emt 0:00:30]} 64. Bd5 {[%emt 0:00:12]} Kd3 {[%emt 0:00:06]} 65. Kf3 {[%emt 0:00:09]} Kd4 $11 {[%emt 0:00:53]} 1/2-1/2

[Event "FRA-ch Youth 2017"]
[Site "Belfort"]
[Date "2017.04.19"]
[Round "5"]
[White "Gao, Etienne"]
[Black "Coiffait, Pierre-Basile"]
[Result "1/2-1/2"]
[WhiteElo "2017"]
[BlackElo "2193"]
[Annotator "NA"]
[PlyCount "129"]
[EventDate "2017.??.??"]
[EventCountry "FRA"]
[SourceTitle "playchess.com"]
[Source "ChessBase"]
[SourceQuality "1"]
[TimeControl "5400+30"]

{[%evp 8,122,36,29,59,58,56,55,60,62,54,59,50,52,46,50,59,49,56,56,41,41,39,58,42,29,32767,52,57,61,56,54,32767,32,53,32767,32767,114,114,111,131,94,157,32767,32767,53,72,32767,34,14,22,14,18,32767,19,32767,32767,32767,32767,32767,32767,23,32767,32767,32767,32767,5,32767,32767,0,2,32767,8,8,18,32767,32767,8,8,8,32767,0,8,32767,0,0,32767,32767,32767,32767,32767,32767,0,0,0,0,32767,0,32767,32767,0,32767,32767,32767,32767,32767,32767,0,32767,32767,32767,32767,-7,32767,32767,32767,-8]} 1. e4 {[%emt 0:00:00]} c5 {[%emt 0:00:02]} 2. Nf3 {[%emt 0:00:00]} a6 {[%emt 0:00:02]} 3. g3 {[%emt 0:01:20]} d6 {[%emt 0:04:14]} 4. Bg2 {[%emt 0:04:08] B28: Sicilian: 2 Nf3 a6 (O'Kelly Variation)} Nc6 {[%emt 0:05:00]} (4... Nf6 5. Qe2 Nc6 6. O-O Bg4 7. c3 g6 8. h3 Bxf3 9. Bxf3 Bg7 10. Bg2 O-O 11. d3 Rb8 {1-0 (58) Zufic,M (2459)-Bogut,Z (2434) Bol 2015}) 5. d4 {[%emt 0:07:14]} Bg4 {[%emt 0:09:19]} 6. d5 $146 {[%emt 0:10:59]} (6. c3 Nf6 7. Qc2 Qc7 8. O-O Rc8 9. dxc5 dxc5 10. Bg5 e5 11. Bxf6 gxf6 {0-1 (61) Feicht,R (1490)-Beckers,M (1855) Bad Woerishofen 2001}) 6... Ne5 {[%emt 0:05:28]} 7. Nbd2 {[%emt 0:01:03]} Nf6 {[%emt 0:00:39]} 8. h3 {[%emt 0:01:17]} Nxf3+ {[%emt 0:02:57]} 9. Nxf3 {[%emt 0:00:28]} Bxf3 {[%emt 0:01:07]} 10. Qxf3 {[%emt 0:01:16]} g6 {[%emt 0:00:40]} 11. O-O {[%emt 0:04:16]} Bg7 {[%emt 0:00:01]} 12. a4 {[%emt 0:05:44]} O-O {[%emt 0:01:30]} 13. a5 {[%emt 0:01:35]} b5 {[%emt 0:05:06]} 14. axb6 {[%emt 0:00:04]} Qxb6 {[%emt 0:00:01]} 15. Ra2 {[%emt 0:06:33]} a5 {[%emt 0:04:28]} 16. Qe2 {[%emt 0:05:15]} Ra7 {[%emt 0:03:19]} 17. f4 {[%emt 0:07:36]} Nd7 {[%emt 0:04:19]} 18. Kh2 {[%emt 0:07:29]} a4 {[%emt 0:02:55]} 19. Rf3 {[%emt 0:00:21]} Rfa8 {[%emt 0:03:31]} 20. Bf1 {[%emt 0:01:28]} Qc7 {[%emt 0:02:23]} 21. Rfa3 {[%emt 0:02:12]} e6 {[%emt 0:01:49]} 22. dxe6 {[%emt 0:01:15]} fxe6 {[%emt 0:00:01]} 23. Qg4 {[%emt 0:02:07]} Nf8 {[%emt 0:02:15]} 24. Bc4 {[%emt 0:01:37]} Qe7 {[%emt 0:03:11]} 25. b3 {[%emt 0:06:30]} h5 {[%emt 0:04:03]} 26. Qf3 {[%emt 0:00:17]} axb3 {[%emt 0:01:22]} 27. Qxb3 {[%emt 0:02:00]} Rxa3 {[%emt 0:04:41]} 28. Rxa3 {[%emt 0:00:04]} Rxa3 {[%emt 0:00:04]} 29. Bxa3 {[%emt 0:00:38]} Kh7 {[%emt 0:00:02]} 30. Qf3 {[%emt 0:02:09]} Qf6 {[%emt 0:02:16]} 31. e5 {[%emt 0:03:01]} dxe5 {[%emt 0:03:30]} 32. Bxc5 {[%emt 0:00:05]} exf4 {[%emt 0:02:28]} 33. Qxf4 {[%emt 0:02:43]} Qc3 {[%emt 0:04:26]} 34. Qe4 {[%emt 0:02:36]} Nd7 {[%emt 0:05:20]} 35. Be3 {[%emt 0:02:48]} Nf6 {[%emt 0:02:01]} 36. Qd3 {[%emt 0:00:43]} Qe5 {[%emt 0:01:17]} 37. Bf4 {[%emt 0:00:12]} Qc5 {[%emt 0:01:44]} 38. Be3 {[%emt 0:03:22]} Qe5 {[%emt 0:02:10]} 39. Qe2 {[%emt 0:04:31]} Qd6 {[%emt 0:03:48]} 40. Bd3 {[%emt 0:01:33]} e5 {[%emt 0:00:37]} 41. c4 {[%emt 0:00:12]} h4 {[%emt 0:02:58]} 42. Bf2 {[%emt 0:00:43]} hxg3+ {[%emt 0:01:06]} 43. Bxg3 {[%emt 0:00:09]} Qd4 {[%emt 0:00:18]} 44. Bc2 {[%emt 0:01:10]} e4 {[%emt 0:00:33]} 45. c5 {[%emt 0:00:28]} Qxc5 {[%emt 0:00:57]} 46. Bxe4 {[%emt 0:00:11]} Nh5 {[%emt 0:01:18]} 47. Bd3 {[%emt 0:00:47]} Qg5 {[%emt 0:00:31]} 48. Qg4 {[%emt 0:00:45]} Qd2+ {[%emt 0:00:43]} 49. Qe2 {[%emt 0:00:09]} Qg5 {[%emt 0:00:47]} 50. Qg4 {[%emt 0:00:04]} Qd2+ {[%emt 0:00:14]} 51. Qe2 {[%emt 0:00:13]} Qg5 {[%emt 0:01:07]} 52. Qg4 {[%emt 0:00:09]} Qh6 {[%emt 0:01:10]} 53. Bd6 {[%emt 0:01:00]} Qd2+ {[%emt 0:00:24]} 54. Qe2 {[%emt 0:00:05]} Qg5 {[%emt 0:00:20]} 55. Bc7 {[%emt 0:01:12]} Nf4 {[%emt 0:00:43]} 56. Bxf4 {[%emt 0:00:04]} Qxf4+ {[%emt 0:00:04]} 57. Kg2 {[%emt 0:00:07]} Kh6 {[%emt 0:00:37]} 58. Qe4 {[%emt 0:00:21]} Qg5+ {[%emt 0:00:24]} 59. Qg4 {[%emt 0:00:17]} Qd2+ {[%emt 0:00:31]} 60. Qe2 {[%emt 0:00:05]} Qf4 {[%emt 0:00:18]} 61. Qe4 {[%emt 0:00:14]} Qxe4+ $11 {[%emt 0:00:20]} 62. Bxe4 {[%emt 0:00:05]} g5 {[%emt 0:00:05]} 63. Bf5 {[%emt 0:00:06]} Kh5 {[%emt 0:00:07]} 64. Be6 {[%emt 0:00:07]} Kh4 {[%emt 0:00:02]} 65. Bf5 {[%emt 0:00:06]} 1/2-1/2

[Event "FRA-ch Youth 2017"]
[Site "Belfort"]
[Date "2017.04.19"]
[Round "5"]
[White "Lomandong Noela-Joyce"]
[Black "Romas, Lionia"]
[Result "1-0"]
[WhiteElo "1987"]
[BlackElo "1655"]
[Annotator "NA"]
[PlyCount "59"]
[EventDate "2017.??.??"]
[EventCountry "FRA"]
[SourceTitle "playchess.com"]
[Source "ChessBase"]
[SourceQuality "1"]
[TimeControl "5400+30"]

{[%evp 10,42,20,8,24,32767,10,-25,34,18,72,70,72,75,32767,38,82,73,100,116,115,112,32767,0,106,114,130,103,32767,79,155,156,183,168,395]} 1. d4 {[%emt 0:00:00]} Nf6 {[%emt 0:00:29]} 2. Nf3 {[%emt 0:00:00]} d5 {[%emt 0:00:08]} 3. c4 {[%emt 0:00:00]} c6 {[%emt 0:00:15]} 4. Nc3 {[%emt 0:01:01]} e6 {[%emt 0:00:30]} 5. g3 {[%emt 0:01:22]} Be7 {[%emt 0:05:27]} 6. Bg2 {[%emt 0:00:06]} O-O {[%emt 0:00:26]} 7. O-O {[%emt 0:02:11]} Nbd7 {[%emt 0:01:29]} 8. Qc2 {[%emt 0:04:00]} Re8 {[%emt 0:04:27] E07: Closed Catalan: Main Line (5 Nf3 0-0 6 0-0 Nbd7)} ({Black should try} 8... dxc4 $15 9. a4 (9. Rd1 Nd5 10. e4 Nxc3 11. bxc3 Qa5 12. h4 e5 13. Be3 f6 14. Nd2 Nb6 15. Bf1 Be6 16. Rab1 Kh8 {0-1 (59) Atalik,E (2414)-Atalik,S (2550) Tekirdag 2016}) 9... a5) 9. Rd1 {[%emt 0:03:06]} Nb6 {[%emt 0:01:48]} 10. c5 {[%emt 0:04:40]} Nbd7 {[%emt 0:00:40]} 11. b4 {[%emt 0:00:08]} b6 $146 {[%emt 0:10:48]} (11... Bf8 12. Bf4 Nh5 13. a4 f6 14. Bc1 f5 15. b5 Qc7 16. a5 g6 {0-1 (46) Otero Martinez,D (2065)-Martinez,C (2253) Cali 2008}) 12. Rb1 {[%emt 0:16:33]} bxc5 {[%emt 0:05:47]} 13. bxc5 {[%emt 0:00:37]} Qc7 {[%emt 0:19:59]} 14. Bf4 {[%emt 0:01:11]} Qa5 {[%emt 0:00:16]} 15. Bd2 {[%emt 0:10:24]} Qc7 {[%emt 0:00:33]} 16. Bf4 {[%emt 0:02:51]} (16. e4 $16) 16... Qa5 {[%emt 0:01:08]} 17. e4 {[%emt 0:00:23]} Ba6 {[%emt 0:13:07]} 18. Bd2 {[%emt 0:05:35]} dxe4 {[%emt 0:05:36]} 19. Nxe4 {[%emt 0:01:02]} Qc7 {[%emt 0:01:46]} (19... Qd8 $142) 20. Bf4 {[%emt 0:01:09]} Qa5 {[%emt 0:01:27]} 21. Ne5 {[%emt 0:09:19]} Bb5 $18 {[%emt 0:02:04]} (21... Nxe5 $16 22. Nxf6+ (22. dxe5 Nd5 $16) 22... gxf6) 22. Nxc6 {[%emt 0:03:23]} Bxc6 {[%emt 0:16:42]} 23. Nxf6+ {[%emt 0:00:09]} Bxf6 {[%emt 0:02:17]} 24. Bxc6 {[%emt 0:00:08]} Rad8 {[%emt 0:00:59]} 25. Qa4 {[%emt 0:01:02]} Qxa4 {[%emt 0:01:35]} 26. Bxa4 {[%emt 0:00:02]} e5 {[%emt 0:02:40]} 27. dxe5 {[%emt 0:00:49]} Nxe5 {[%emt 0:00:29]} 28. Bxe8 {[%emt 0:00:16]} Rxe8 {[%emt 0:00:20]} 29. Bxe5 {[%emt 0:00:05]} Bxe5 {[%emt 0:00:10]} 30. Re1 {[%emt 0:00:03]} 1-0